1638 1689 1660 1330 1125 1925 1929 1641 1625 1938 1496 1420 1505 1855 1049 1928 1521 1186 1667 1721 1030 1086 1594 1886 1038 2000 1824 1271 1273 1424 1707 1010 1969 1409 1713 1428 1777 1702 1242 1588 1411 1815 1007 1563 1212 1604 1338 1147 1811 1944 1687 1267 1888 1833 1557 1410 1008 1202 1311 1297 1752 1443 1514 1397 1147 1850 1713 1297 1086 1730 1551 1611 1365 1576 1578 1199 1773 1419 1234 1613 1158 1215 1579 1471 1643 1308 1340 1754 1732 1381 1202 1640 1224 1261 1876 1840 1336 1905 1568 BCNSPRNW ULIB Ver.6.0+V

เปลี่ยนเป็นภาษาไทย

Change to English
 แสดงรายละเอียดบรรณานุกรม
  กลับหน้าหลัก

Brief Record : Get Marc (ISO 2709) : E-mail record : QR code < ปิดหน้าต่าง
LEADER : 00000nam 2200000uu 4500
001    13399110511
003     ULIB
008    110602s2545||||th 000 0 tha d
020    9740500641 (ล.3)
060 04 WP565^bร451ค ล.3 2545
245 00 รายงานการวิจัยโครงการพัฒนางานวิจัยด้านเพศภาวะมิติทางเพศและอนามัยการเจริญพันธุ์ /^cจรรยา เศรษฐบุตร, บุปผา ศิริรัศมี, บรรณาธิการ ; ดำเนินการโดย สถาบันวิจัยประชากรและสังคม มหาวิทยาลัยมหิดล
246 30 โครงการพัฒนางานวิจัยด้านเพศภาวะมิติทางเพศและอนามัยการเจริญพันธุ์
260    นครปฐม :^bสถาบันวิจัยประชากรและสังคม ,^c2545
300    4 ล. ;^c26 ซม.
490 1  เอกสารทางวิชาการ /^cสถาบันวิจัยประชากรและสังคมมหาวิทยาลัยมหิดล ;^vหมายเลข 262-265
650  2 Research
650  2 Fertility^xresearch
650  7 เพศศึกษา^xแง่อนามัย^vวิจัย
650  7 เพศสัมพันธ์^xแง่อนามัย^vวิจัย
650  7 ภาวะเจริญพันธ์^xแง่อนามัย^vวิจัย
650  7 วิจัย
700 0  จรรยา เศรษฐบุตร,^eบรรณาธิการ
700 0  บุปผา ศิริรัศมี,^eบรรณาธิการ
710 2  มหาวิทยาลัยมหิดล. ^bสถาบันวิจัยประชากรและสังคม
830  0 เอกสารทางวิชาการ (มหาวิทยาลัยมหิดล.สถาบันวิจัยประชากรและสังคม) ;^vหมายเลข 262-265
945    ^p0^l0^i015604
945    ^p0^l0^i015605
995    ทศพร
999 ^a ใช้งานได้ทุกระบบ
รายการนี้ยังไม่มีแท็ก
คุณยังไม่ได้ล็อกอิน คุณสามารถมีกิจกรรมร่วมกับเว็บไซต์ได้ แต่ต้องล็อกอินก่อน ::
  ล็อกอิน

รายการสื่อสารสนเทศ

ลำดับที่ ประเภท เลขเรียก/บาร์โค้ด สถานที่ สถานะ
- ไม่พบข้อมูล -

รายการใกล้เคียง
    หัวเรื่อง [Research]
    หัวเรื่อง [วิจัย]

BibComment


ยังไม่เคยถูกคอมเมนท์

คอมเมนท์ทรัพยากรรายการนี้
  คอมเมนท์: รายงานการวิจัยโคร..


 Copyright 2026. Bcnsprnw @Library